Normal view
MARC view
- Korea (North)
Entry Geographic Name
001 - CONTROL NUMBER
- control field: 96995
003 - CONTROL NUMBER IDENTIFIER
- control field: NUST
005 - DATE AND TIME OF LATEST TRANSACTION
- control field: 20220812123030.0
008 - FIXED-LENGTH DATA ELEMENTS
- fixed length control field: 220812|| aca||aabn | a|a d
040 ## - CATALOGING SOURCE
- Original cataloging agency: NUST
- Transcribing agency: NUST
151 ## - HEADING--GEOGRAPHIC NAME
- Geographic name: Korea (North)
- General subdivision: Military policy
670 ## - SOURCE DATA FOUND
- Source citation: Work cat.: (NUST)0: Ford, Glyn, author. 96989, Talking to North Korea :
